000 00622cam a22002293a 4500
001 34697
003 PGUSA
005 20140828083741.0
008 101219s2010||||xxu|||||s|||||000 | eng d
040 _aPGUSA
_beng
042 _adc
100 1 _aKjelgaard, Jim,
_d1910-1959
245 1 4 _aThe Lost Wagon
_h[electronic resource] /
_cJim Kjelgaard
260 _bProject Gutenberg,
_c2010
506 _aPublic domain in the USA.
516 _aElectronic text
700 1 _aOrbaan, Al
700 1 _aMcCann, Gerald
830 0 _aProject Gutenberg
_v34697
856 4 0 _uhttp://www.gutenberg.org/ebooks/34697
942 _cEB
999 _c263952
_d263952